000 00897nam a2200265Ia 4500
003 OSt
005 20220930092710.0
006 a|||||r|||| 00| 0
007 ta
008 220926b |||||||| |||| 00| 0 eng d
024 _a23886
037 _cTheses
040 _aCRL
_cCRL
_beng
041 _2eng
_aeng
100 _aSaini Ashish
_9549507
110 _aUniversity OF Delhi. Faculty OF Medical Sciences. Department OF Pediatrics
245 0 _aAssessment of adequacy of supplementation of vitamin D in very low birth weight preterm neonates
260 _c2015
650 _aCHILDREN - DISEASES
700 _a Dr. N. B. Mathur Gu.
_9532623
700 _a Dr. T. K. Mishra Gu.
_9536930
700 _aUniversity OF Delhi. Faculty OF Medical Sciences. Department OF Pediatrics
942 _cDIS
_2CC
999 _c884171
_d884171